| 000 | 00525cam a2200181 a 4500 | ||
|---|---|---|---|
| 020 | _a9788172336196 | ||
| 020 | _a8172336195 | ||
| 082 | 0 | 4 |
_a553.79 _bPAL/GL |
| 245 | 1 | 0 | _aGlobal groundwater resources and management : |
| 260 |
_aJodhpur, India : _bScientific Publishers (India), _cc2010. |
||
| 300 |
_axxi, 528 p. : _bill. (some col.), maps (some col.) ; |
||
| 650 | 0 | _aGroundwater | |
| 650 | 0 | _aGroundwater | |
| 650 | 0 | _aWater resources development | |
| 650 | 0 | _aHydrogeology | |
| 700 | 1 | _aPaliwal, B. S. | |
| 942 | _cBK | ||
| 999 |
_c13962 _d13962 |
||